Introducción a la sociología
Uloženo v:
| Hlavní autor: | |
|---|---|
| Médium: | Kniha |
| Jazyk: | španělština |
| Vydáno: |
Buenos Aires
Pleyade
1968
|
| Témata: | |
| Tagy: |
Přidat tag
Žádné tagy, Buďte první, kdo vytvoří štítek k tomuto záznamu!
|
MARC
| LEADER | 00000nam a2200000 a 4500 | ||
|---|---|---|---|
| 001 | UCJ9221 | ||
| 003 | CL-VaPUC | ||
| 008 | 070309e19680000AG |||||||||||||||||spa|d | ||
| 082 | 0 | 4 | |a 301 |b CUV |2 21 |
| 100 | |a Cuvillier, A |e author |9 519153 | ||
| 245 | 1 | 0 | |a Introducción a la sociología |
| 300 | |a 221 p | ||
| 942 | |c BK | ||
| 945 | |d 20070309 00:00:00 |a jtorresc | ||
| 260 | |a Buenos Aires |b Pleyade |c 1968 | ||
| 500 | |a Donación del Dr. Luis Gómez Macker | ||
| 650 | 0 | |a Sociología |9 255410 | |
| 650 | 0 | |a Ciencias sociales |9 256351 | |
| 650 | 0 | |a Positivismo |9 269460 | |
| 650 | 0 | |a Relativismo |9 322356 | |
| 650 | 7 | |a SOCIOLOGIA NATURALISTA |2 CL-VaPUC |9 519154 | |
| 650 | 7 | |a SOCIOLOGIA PSICOLOGICA |2 CL-VaPUC |9 519155 | |
| 650 | 7 | |a SOCIOLOGIA MARXISTA |2 CL-VaPUC |9 340411 | |
| 650 | 7 | |a METODOLOGIA DE LAS CIENCIAS SOCIALES |2 CL-VaPUC |9 519156 | |
| 650 | 7 | |a SOCIOGEOGRAFIA |2 CL-VaPUC |9 519157 | |
| 650 | 0 | |a Geopolítica |9 313921 | |
| 583 | |a last modification |c 20070309 00:00:00 |k Rodrigo Vera | ||
| 999 | |c 324807 |d 324805 | ||
| 952 | |0 0 |1 0 |4 0 |6 301_000000000000000_CUV_1968 |7 0 |8 A |9 405171 |a FDOPOS |b FDOPOS |d 2019-11-22 |i 4270266 |o 301 CUV 1968 |p 4270266 |r 2025-01-22 |w 2019-11-22 |y BK |k MLA | ||